How to prepare for the hotel management entrance examination / (Record no. 133137)

MARC details
000 -LEADER
fixed length control field 00786nam a22002297a 4500
005 - DATE AND TIME OF LATEST TRANSACTION
control field 20170124110204.0
010 ## - LIBRARY OF CONGRESS CONTROL NUMBER
LC control number B-225515
020 ## - INTERNATIONAL STANDARD BOOK NUMBER
Terms of availability 00.00
International Standard Book Number 0070611459
035 ## - SYSTEM CONTROL NUMBER
System control number B-225515
037 ## - SOURCE OF ACQUISITION
Source of stock number/acquisition Cen Lib/Ret
040 ## - CATALOGING SOURCE
Original cataloging agency DPL
Language of cataloging EN
082 ## - DEWEY DECIMAL CLASSIFICATION NUMBER
Classification number 000
Item number THO
100 ## - MAIN ENTRY--PERSONAL NAME
Personal name Thorpe, Showick
9 (RLIN) 36937
245 ## - TITLE STATEMENT
Title How to prepare for the hotel management entrance examination /
Statement of responsibility, etc by Showick Thorpe
260 ## - PUBLICATION, DISTRIBUTION, ETC. (IMPRINT)
Place of publication, distribution, etc New Delhi
Name of publisher, distributor, etc Tata McGraw-Hill Publishing Company
Date of publication, distribution, etc 2007
270 ## - ADDRESS
City New Delhi
Address 7 West Patel Nagar
Postal code 110008
300 ## - PHYSICAL DESCRIPTION
Extent x,729p.
Dimensions 24cm(Hb)
490 ## - SERIES STATEMENT
Series statement Tata McGraw-Hill's series
650 ## - SUBJECT ADDED ENTRY--TOPICAL TERM
Topical term or geographic name as entry element Scientific aptitude-- Hotel management examination
9 (RLIN) 36938
650 ## - SUBJECT ADDED ENTRY--TOPICAL TERM
Topical term or geographic name as entry element General knowledge-- Hotel mangement entrance exam
9 (RLIN) 36939
942 ## - ADDED ENTRY ELEMENTS (KOHA)
Source of classification or shelving scheme Dewey Decimal Classification
Koha item type English Books
Classification part 000
Call number suffix THO
Holdings
Withdrawn status Lost status Damaged status Not for loan Home library Current library Date acquired Source of acquisition Cost, normal purchase price Total Checkouts Full call number Barcode Date last seen Copy number Cost, replacement price Price effective from Koha item type
        Central Library Central Library 24/07/2015 Cen Lib/Ret 27.80   000 THO B-225515 24/07/2015 1 27.80 24/07/2015 English Books
        Central Library Central Library 25/07/2015 Cen Lib/Ret 0.00   000 THO B-225516 25/07/2015 2 0.00 25/07/2015 English Books

© Delhi Public Library
Hit Counter
free hit counter